[Event "GCT 2024 Croazia - Blitz"]
[Site "Zagabria"]
[Date "06.07.2025"]
[Round "10B"]
[White "So, Wesley"]
[Black "Gukesh, Dommaraju"]
[Result "1-0"]
[WhiteTitle "GM"]
[BlackTitle "GM"]
[WhiteElo "2745"]
[BlackElo "2776"]
[WhiteFideId "5202213"]
[BlackFideId "46616543"]
[EventDate "2025.07.05"]

1. e4 e5 2. Nf3 Nc6 3. Bc4 Bc5 4. c3 Nf6 5. d3 a6 6. O-O d6 7. Re1 O-O 8. h3 h6
9. Nbd2 Re8 10. Nf1 Ba7 11. Bb3 Be6 12. Bc2 d5 13. exd5 Bxd5 14. Ng3 Qd7 15. Nh4
Rad8 16. Nhf5 Qe6 17. d4 Qd7 18. Nxg7 Kxg7 19. Bxh6+ Kh8 20. Bg5 Qe6 21. Bf5 Qd6
22. Nh5 Nh7 23. Bxh7 Kxh7 24. Qg4 Qg6 25. Qh4 Kg8 26. Re3 exd4 27. Rg3 Re4 28.
Nf6+ Kg7 29. Nxe4 1-0

[Event "GCT 2024 Croazia - Blitz"]
[Site "Zagabria"]
[Date "06.07.2025"]
[Round "11B"]
[White "Firouzja, Alireza"]
[Black "Carlsen, Magnus"]
[Result "0-1"]
[WhiteTitle "GM"]
[BlackTitle "GM"]
[WhiteElo "2766"]
[BlackElo "2839"]
[WhiteFideId "12573981"]
[BlackFideId "1503014"]
[EventDate "2025.07.05"]

1. e4 e5 2. Nf3 Nc6 3. Bc4 Nf6 4. d3 Be7 5. O-O O-O 6. Nc3 d6 7. a4 a5 8. Re1
Be6 9. Nd5 h6 10. c3 Re8 11. Qb3 Rb8 12. h3 Bf8 13. Be3 Bxd5 14. exd5 Ne7 15.
Ba7 Ra8 16. Qxb7 Qc8 17. Qxc8 Rexc8 18. Be3 Nexd5 19. Bd2 Nb6 20. Bb3 c5 21. d4
cxd4 22. cxd4 e4 23. Nh4 Nc4 24. Bc3 g6 25. g3 Nd5 26. Rac1 Rab8 27. Ba2 Nxc3
28. Rxc3 d5 29. Re2 Bg7 30. Bxc4 Rxc4 31. Rxc4 dxc4 32. Rd2 Rb3 33. Ng2 Rd3 34.
Rc2 Bxd4 35. Kf1 f5 36. Rxc4 Rd2 37. Nf4 Bxf2 38. g4 Bg3 39. Ne2 Bd6 40. gxf5
gxf5 41. Nd4 e3 42. Ne2 f4 43. Rc3 f3 44. Rxe3 fxe2+ 45. Rxe2 Rxe2 0-1

[Event "GCT 2024 Croazia - Blitz"]
[Site "Zagabria"]
[Date "06.07.2025"]
[Round "11B"]
[White "Caruana, Fabiano"]
[Black "Duda, Jan-Krzysztof"]
[Result "1-0"]
[WhiteTitle "GM"]
[BlackTitle "GM"]
[WhiteElo "2784"]
[BlackElo "2725"]
[WhiteFideId "2020009"]
[BlackFideId "1170546"]
[EventDate "2025.07.05"]

1. e4 e5 2. Nf3 Nc6 3. Bb5 Nf6 4. d3 d6 5. O-O Be7 6. c3 O-O 7. Re1 a6 8. Ba4 b5
9. Bc2 Re8 10. Nbd2 Bf8 11. h3 h6 12. a4 Bb7 13. Nf1 d5 14. Qe2 b4 15. a5 Rb8
16. Ng3 bxc3 17. bxc3 Na7 18. Bd2 dxe4 19. dxe4 Nb5 20. Red1 Qc8 21. c4 Nd6 22.
c5 Nb5 23. Bb4 Bc6 24. Bb3 Bd7 25. Bc4 Be6 26. Nxe5 Bxc4 27. Nxc4 Qe6 28. Rac1
Nxe4 29. Nxe4 Qxe4 30. Qxe4 Rxe4 31. Kf1 Nd4 32. f3 Ree8 33. Rxd4 Rxb4 34. c6
Rb5 35. Nd2 Rxa5 36. Rd7 Ra2 37. Ne4 Rc8 38. Nc3 Rb2 39. Nd5 Re8 40. Re1 Rxe1+
41. Kxe1 Rxg2 42. Rxc7 Bd6 43. Rd7 Bg3+ 44. Kd1 Rf2 45. f4 Bxf4 46. Nxf4 Rxf4
47. c7 Rc4 48. Rd8+ Kh7 49. c8=Q Rxc8 50. Rxc8 Kg6 51. Ke2 1-0

[Event "GCT 2024 Croazia - Blitz"]
[Site "Zagabria"]
[Date "06.07.2025"]
[Round "11B"]
[White "So, Wesley"]
[Black "Praggnanandhaa, Rameshbabu"]
[Result "1/2-1/2"]
[WhiteTitle "GM"]
[BlackTitle "GM"]
[WhiteElo "2745"]
[BlackElo "2779"]
[WhiteFideId "5202213"]
[BlackFideId "25059530"]
[EventDate "2025.07.05"]

1. e4 e5 2. Nf3 Nc6 3. Bc4 Bc5 4. c3 Nf6 5. d3 a6 6. O-O Ba7 7. Re1 d6 8. a4 O-O
9. h3 h6 10. Nbd2 Ne7 11. d4 Nc6 12. Nb3 exd4 13. Nbxd4 Nxd4 14. Nxd4 Nxe4 15.
Bxf7+ Rxf7 16. Rxe4 Bd7 17. Qh5 Qf8 18. Be3 Re8 19. Rxe8 Qxe8 20. a5 Qe4 21. Qe2
Rf6 22. f3 Qe5 23. Qf2 Rg6 24. Kh1 Qh5 25. Kh2 Qe5+ 26. Kh1 Qh5 27. Kh2 Qe5+ 28.
Kh1 1/2-1/2

[Event "GCT 2024 Croazia - Blitz"]
[Site "Zagabria"]
[Date "06.07.2025"]
[Round "11B"]
[White "Giri, Anish"]
[Black "Saric, Ivan"]
[Result "1-0"]
[WhiteTitle "GM"]
[BlackTitle "GM"]
[WhiteElo "2748"]
[BlackElo "2661"]
[WhiteFideId "24116068"]
[BlackFideId "14508150"]
[EventDate "2025.07.05"]

1. Nf3 Nf6 2. e3 g6 3. b4 Bg7 4. Bb2 O-O 5. Be2 d6 6. c4 e5 7. d3 Re8 8. O-O a5
9. b5 Nbd7 10. Nc3 b6 11. Nd2 Nc5 12. Bf3 Rb8 13. Nde4 Nfxe4 14. Nxe4 Bf5 15.
Nxc5 dxc5 16. Bd5 e4 17. Bxg7 Kxg7 18. d4 cxd4 19. Qxd4+ Qf6 20. Rfd1 Re5 21.
Bc6 h5 22. h3 h4 23. Rac1 Rh8 24. c5 Rh5 25. cxb6 cxb6 26. Qd8 Be6 27. a3 Rhg5
28. Kf1 Qf5 29. Rd4 Rxg2 30. Kxg2 Qf3+ 31. Kg1 Bxh3 32. Bxe4 Rxe4 33. Qg5 Rxd4
34. exd4 Be6 35. Qxh4 Bd5 36. Qh2 Qg4+ 37. Qg3 Qxd4 38. Qc3 Qxc3 39. Rxc3 Kf6
40. Rc8 Ke5 41. Rb8 Kd4 42. Rxb6 Kc5 43. Rb8 a4 44. f4 Bc4 45. b6 Bb3 46. Kf2
Kc6 47. Ke3 f6 48. Kd4 g5 49. Rf8 gxf4 50. Rxf6+ Kb7 51. Kc5 1-0

[Event "GCT 2024 Croazia - Blitz"]
[Site "Zagabria"]
[Date "06.07.2025"]
[Round "11B"]
[White "Gukesh, Dommaraju"]
[Black "Abdusattorov, Nodirbek"]
[Result "0-1"]
[WhiteTitle "GM"]
[BlackTitle "GM"]
[WhiteElo "2776"]
[BlackElo "2771"]
[WhiteFideId "46616543"]
[BlackFideId "14204118"]
[EventDate "2025.07.05"]

1. e4 d5 2. exd5 Qxd5 3. Nc3 Qa5 4. d4 Nf6 5. Nf3 Bf5 6. Bc4 e6 7. O-O c6 8. h3
Nbd7 9. Nh4 Bg6 10. Nxg6 hxg6 11. Bf4 O-O-O 12. Bg3 Nb6 13. Bb3 Bd6 14. Bxd6
Rxd6 15. Ne2 Qg5 16. Qc1 Qh4 17. c4 Rdd8 18. a4 a6 19. a5 Nbd7 20. Qe3 g5 21. f3
Nh5 22. Ra4 Nf4 23. Nxf4 Qxf4 24. Qf2 Qd6 25. Bc2 Rh4 26. Rd1 Nf6 27. Rd3 Rf4
28. d5 exd5 29. cxd5 Nxd5 30. Rxf4 Qxf4 31. Bb3 Qb4 32. Bxd5 Rxd5 33. Rxd5 cxd5
34. Qc2+ Kd8 35. Qf5 Qc5+ 36. Kh2 Qc7+ 37. g3 Qxa5 38. Qxg5+ Ke8 39. Qe5+ Kf8
40. Qb8+ Ke7 41. Qe5+ Kd7 42. Qxg7 Qd2+ 43. Kg1 Qe1+ 44. Kg2 Qe2+ 45. Kg1 Qxf3
46. h4 Ke6 47. Qh6+ f6 48. Qg6 d4 49. h5 d3 50. h6 d2 51. Qe8+ Kf5 52. Qd7+ Kg6
53. Qxd2 Qxg3+ 54. Kf1 Qf3+ 55. Kg1 Qg4+ 56. Kf1 Qh3+ 57. Kg1 Qg4+ 58. Kf1 Qg5
59. Qd8 Qf5+ 60. Kg1 Qg4+ 61. Kf2 Qf4+ 62. Kg2 Qe4+ 63. Kf2 Qc2+ 64. Kg3 Qb3+
65. Kf4 Qb4+ 66. Kg3 Qe1+ 67. Kf3 Qf1+ 68. Kg3 Qg1+ 69. Kf3 Qh1+ 70. Kg3 Qxh6
71. Qd3+ Kg7 72. Qd7+ Kh8 73. Qc8+ Kh7 74. Kf3 Qh5+ 75. Kf4 Qe5+ 76. Kf3 Qd5+
77. Kf4 Kg7 78. Qg4+ Kf7 79. Qc8 Qd6+ 80. Kf3 Qc6+ 0-1

[Event "GCT 2024 Croazia - Blitz"]
[Site "Zagabria"]
[Date "06.07.2025"]
[Round "12B"]
[White "Duda, Jan-Krzysztof"]
[Black "Gukesh, Dommaraju"]
[Result "0-1"]
[WhiteTitle "GM"]
[BlackTitle "GM"]
[WhiteElo "2725"]
[BlackElo "2776"]
[WhiteFideId "1170546"]
[BlackFideId "46616543"]
[EventDate "2025.07.05"]

1. e4 e5 2. Nf3 Nc6 3. g3 Nf6 4. d3 Bc5 5. Bg2 d6 6. O-O O-O 7. c3 a5 8. a4 h6
9. Na3 Re8 10. h3 Bd7 11. Nc2 Ne7 12. Nh4 Bb6 13. Kh2 d5 14. Ne3 Be6 15. Qe2 c6
16. f4 dxe4 17. dxe4 exf4 18. gxf4 Ng6 19. Nxg6 fxg6 20. Bf3 g5 21. fxg5 Qd6+
22. Kh1 hxg5 23. Qg2 Bc7 24. Nf5 Bxf5 25. exf5 g4 26. hxg4 Kf7 27. Rd1 Qc5 28.
Rd4 Re1+ 0-1

[Event "GCT 2024 Croazia - Blitz"]
[Site "Zagabria"]
[Date "06.07.2025"]
[Round "12B"]
[White "Abdusattorov, Nodirbek"]
[Black "So, Wesley"]
[Result "1/2-1/2"]
[WhiteTitle "GM"]
[BlackTitle "GM"]
[WhiteElo "2771"]
[BlackElo "2745"]
[WhiteFideId "14204118"]
[BlackFideId "5202213"]
[EventDate "2025.07.05"]

1. c4 c5 2. Nf3 Nf6 3. Nc3 e6 4. e4 Nc6 5. d4 cxd4 6. Nxd4 Bb4 7. Nxc6 bxc6 8.
Bd3 e5 9. O-O O-O 10. h3 Bxc3 11. bxc3 d5 12. cxd5 cxd5 13. Ba3 Re8 14. exd5
Qxd5 15. Be2 Be6 16. Qxd5 Nxd5 17. Rfc1 e4 18. Bd6 Red8 19. Be5 f6 20. Bd4 Rac8
21. Bf1 Rc7 22. Rab1 Nf4 23. Re1 Bxa2 24. Ra1 Bd5 25. Rxa7 Rxa7 26. Bxa7 Rc8 27.
c4 Bxc4 28. Rxe4 Bxf1 29. Rxf4 Rc4 30. Rxc4 Bxc4 31. f3 Bb5 32. Kf2 Bc4 33. Kg1
Bb5 34. Kf2 Bc4 35. Kg1 1/2-1/2

[Event "GCT 2024 Croazia - Blitz"]
[Site "Zagabria"]
[Date "06.07.2025"]
[Round "12B"]
[White "Carlsen, Magnus"]
[Black "Caruana, Fabiano"]
[Result "1/2-1/2"]
[WhiteTitle "GM"]
[BlackTitle "GM"]
[WhiteElo "2839"]
[BlackElo "2784"]
[WhiteFideId "1503014"]
[BlackFideId "2020009"]
[EventDate "2025.07.05"]

1. b3 d5 2. Nf3 Bf5 3. Ba3 Nd7 4. c4 c6 5. cxd5 cxd5 6. Nc3 Ngf6 7. e3 a6 8. Be2
e6 9. Bxf8 Nxf8 10. Nd4 Bg6 11. f4 N8d7 12. O-O O-O 13. b4 Qe7 14. Qb3 Qd6 15.
a4 h6 16. a5 e5 17. fxe5 Nxe5 18. b5 axb5 19. Qxb5 Rab8 20. Qb6 Qe7 21. Rf4 Rfd8
22. Raf1 Qd6 23. Qxd6 Rxd6 24. g4 Ra8 25. Nb3 Ne4 26. Nb5 Rd7 27. Rc1 Nc6 28. h4
f6 29. d3 Ng3 30. Bf3 Ne5 31. Rc7 Rdd8 32. Kf2 Bxd3 33. Kxg3 Bxb5 34. Rxb7 Bc4
35. Nc5 Rxa5 36. Ne6 Rd7 37. Rxd7 Nxd7 38. Rd4 Ne5 39. Nf4 Nxf3 40. Kxf3 g5 41.
Nh5 Kf7 42. Ng3 gxh4 43. Nf5 h3 44. Kg3 Bf1 45. Rf4 Bg2 46. Nxh6+ Kg6 47. Nf5
Ra3 48. Nh4+ Kg7 49. Nxg2 hxg2 50. Kxg2 Rxe3 51. g5 fxg5 52. Rf5 d4 53. Rxg5+
Kf6 54. Rd5 d3 55. Kf2 Rh3 56. Ke1 Ke6 57. Rd8 d2+ 58. Rxd2 Rh1+ 59. Ke2 Rh2+
60. Kd3 Rxd2+ 61. Kxd2 1/2-1/2

[Event "GCT 2024 Croazia - Blitz"]
[Site "Zagabria"]
[Date "06.07.2025"]
[Round "12B"]
[White "Saric, Ivan"]
[Black "Firouzja, Alireza"]
[Result "1-0"]
[WhiteTitle "GM"]
[BlackTitle "GM"]
[WhiteElo "2661"]
[BlackElo "2766"]
[WhiteFideId "14508150"]
[BlackFideId "12573981"]
[EventDate "2025.07.05"]

1. e4 c5 2. Nf3 d6 3. d4 cxd4 4. Nxd4 Nf6 5. Nc3 a6 6. Bg5 e6 7. f4 Qc7 8. Bxf6
gxf6 9. Be2 Nc6 10. Qd2 h5 11. O-O-O Bd7 12. Kb1 O-O-O 13. Rhf1 Kb8 14. Rf3 h4
15. Bf1 Qb6 16. Nb3 Rc8 17. Na4 Qa7 18. Na5 Rh5 19. f5 Ne5 20. Rb3 b5 21. c4 Bh6
22. Qxd6+ Qc7 23. Qxa6 Qa7 24. cxb5 Qxa6 25. bxa6+ Kc7 26. Rb7+ 1-0

[Event "GCT 2024 Croazia - Blitz"]
[Site "Zagabria"]
[Date "06.07.2025"]
[Round "12B"]
[White "Praggnanandhaa, Rameshbabu"]
[Black "Giri, Anish"]
[Result "0-1"]
[WhiteTitle "GM"]
[BlackTitle "GM"]
[WhiteElo "2779"]
[BlackElo "2748"]
[WhiteFideId "25059530"]
[BlackFideId "24116068"]
[EventDate "2025.07.05"]

1. b3 c5 2. Bb2 Nc6 3. c4 e6 4. Nf3 Nf6 5. g3 d5 6. cxd5 exd5 7. Bg2 h5 8. O-O
Be7 9. h4 O-O 10. d4 cxd4 11. Nxd4 Bg4 12. Nc3 Re8 13. Rc1 Rc8 14. Nf3 a6 15. a3
Qd6 16. b4 Rcd8 17. Qd3 Ne4 18. Rfd1 Nxc3 19. Bxc3 Bf6 20. Rd2 d4 21. Bb2 Qe6
22. Qb1 Rd7 23. Rcd1 Red8 24. Qa1 Qe7 25. Qc1 g6 26. Re1 Bg7 27. Qa1 Rd6 28. Ng5
Bf5 29. e4 Bg4 30. e5 R6d7 31. f4 Bh6 32. Ne4 Bg7 33. Kh2 d3 34. Nc5 Rc7 35.
Rxd3 Rxd3 36. Nxd3 Rd7 37. Nc5 Rd2 38. Bc3 Rc2 39. Rc1 Re2 40. Re1 Rc2 41. Kg1
Qd8 42. Be4 Re2 43. Rxe2 Bxe2 44. Qe1 Bg4 45. Nxb7 Qb6+ 46. Nc5 a5 47. Kh2 axb4
48. axb4 Ne7 49. Qd2 Kh7 50. Bd4 Qb5 51. Bf2 Nf5 52. Bd5 Qf1 53. Bg2 Qc4 54. Ne4
Qb3 55. Ng5+ Kg8 56. Qd8+ Bf8 57. Be1 Ne3 58. Qd2 Nxg2 59. Kxg2 Qc4 60. Kh2 Bc8
61. Bf2 Bb7 62. Qd7 Bc6 63. Qc7 Qd5 64. Qxf7+ Qxf7 65. Nxf7 Kxf7 66. g4 hxg4 67.
Kg3 Bf3 68. b5 Ke6 69. b6 Kf5 70. Be3 Bb4 71. Bf2 Bd2 72. Kh2 Bxf4+ 0-1

[Event "GCT 2024 Croazia - Blitz"]
[Site "Zagabria"]
[Date "06.07.2025"]
[Round "13B"]
[White "Abdusattorov, Nodirbek"]
[Black "Praggnanandhaa, Rameshbabu"]
[Result "1-0"]
[WhiteTitle "GM"]
[BlackTitle "GM"]
[WhiteElo "2771"]
[BlackElo "2779"]
[WhiteFideId "14204118"]
[BlackFideId "25059530"]
[EventDate "2025.07.05"]

1. d4 d5 2. c4 e6 3. Nc3 Bb4 4. cxd5 exd5 5. Bf4 c5 6. e3 Nf6 7. Bd3 cxd4 8.
exd4 O-O 9. Ne2 Nc6 10. O-O Bg4 11. Qb3 Bxc3 12. Nxc3 Nxd4 13. Qxb7 Ne6 14. Bg3
Nc5 15. Qb5 Rc8 16. Be2 d4 17. Bxg4 Nxg4 18. Rad1 Ne6 19. Ne4 Qb6 20. Qe2 Nh6
21. Nd6 Rcd8 22. Nc4 Qb5 23. b3 a5 24. Rfe1 a4 25. Nd6 Qb6 26. Nc4 Qa6 27. Ne5
Qxe2 28. Rxe2 axb3 29. axb3 Nf5 30. b4 Rd5 31. Nd3 Rc8 32. Re5 Rxe5 33. Bxe5 f6
34. Bg3 Rc3 35. Kf1 h5 36. Ke2 g5 37. Rc1 Ra3 38. b5 Rb3 39. Rc6 Kf7 40. Rxe6 h4
41. Bc7 Rxd3 42. Rxf6+ 1-0

[Event "GCT 2024 Croazia - Blitz"]
[Site "Zagabria"]
[Date "06.07.2025"]
[Round "13B"]
[White "Firouzja, Alireza"]
[Black "Giri, Anish"]
[Result "1-0"]
[WhiteTitle "GM"]
[BlackTitle "GM"]
[WhiteElo "2766"]
[BlackElo "2748"]
[WhiteFideId "12573981"]
[BlackFideId "24116068"]
[EventDate "2025.07.05"]

1. e4 e5 2. Nc3 Nc6 3. Bc4 Nf6 4. d3 Bb4 5. Bd2 O-O 6. Nge2 Na5 7. a3 Nxc4 8.
dxc4 Be7 9. Ng3 d6 10. Qf3 Bg4 11. Qd3 c6 12. Nf1 Nd7 13. Qg3 f5 14. h4 Nf6 15.
Nh2 f4 16. Qd3 Be6 17. Nf3 h6 18. O-O-O Qc7 19. h5 a6 20. Nh4 b5 21. Nf5 bxc4
22. Qh3 Qd7 23. g4 fxg3 24. Qxg3 Bxf5 25. exf5 Qxf5 26. Bxh6 Rf7 27. Rdg1 Nxh5
28. Qh2 Kh7 29. Be3 g6 30. Kb1 d5 31. Na4 Rb8 32. Re1 Bxa3 33. Bd4 Bd6 34. Bxe5
Bxe5 35. Rxe5 Qf3 36. Rg1 Rbf8 37. Reg5 Qxf2 38. Rxh5+ Kg7 39. Rh7+ 1-0

[Event "GCT 2024 Croazia - Blitz"]
[Site "Zagabria"]
[Date "06.07.2025"]
[Round "13B"]
[White "So, Wesley"]
[Black "Duda, Jan-Krzysztof"]
[Result "0-1"]
[WhiteTitle "GM"]
[BlackTitle "GM"]
[WhiteElo "2745"]
[BlackElo "2725"]
[WhiteFideId "5202213"]
[BlackFideId "1170546"]
[EventDate "2025.07.05"]

1. e4 c6 2. d4 d5 3. e5 Bf5 4. Ne2 e6 5. Ng3 Bg6 6. h4 h5 7. c4 Ne7 8. Nc3 dxc4
9. Bxc4 Nf5 10. Bg5 Qb6 11. Nxf5 Bxf5 12. O-O Nd7 13. Ne2 Qxb2 14. Bd3 Bxd3 15.
Qxd3 Qa3 16. Qd2 Bb4 17. Qc2 Be7 18. Rab1 Bxg5 19. hxg5 Nb6 20. g6 Qe7 21. Rb3
O-O-O 22. a4 Nd5 23. a5 Rd7 24. Ng3 f5 25. exf6 Nxf6 26. Rfb1 a6 27. Rb6 Rc7 28.
Ne2 Nd5 29. R6b3 h4 30. Qe4 Rh5 31. Rf3 Nf6 32. Qf4 Rxa5 33. Qxh4 Rh5 34. Qf4
Qd8 35. Qe3 Qd6 36. Nf4 Rf5 37. Re1 Re7 38. Nxe6 Ng4 39. Rxf5 Qh2+ 40. Kf1 Nxe3+
41. Rxe3 Re8 42. Nxg7 Qh1+ 43. Ke2 Rxe3+ 44. Kxe3 Qh6+ 45. f4 Qxg7 46. Rg5 Kd7
47. f5 Ke7 48. Rh5 Kf6 49. Rh7 Qg8 50. g4 Kg5 51. Rxb7 Kxg4 52. Rf7 Kg5 53. Kd3
a5 54. Kc3 Qb8 55. Kd2 a4 56. g7 Qg8 57. Ra7 Kxf5 58. Kd3 Qb3+ 59. Kd2 Ke4 60.
Rxa4 Qb2+ 61. Ke1 0-1

[Event "GCT 2024 Croazia - Blitz"]
[Site "Zagabria"]
[Date "06.07.2025"]
[Round "13B"]
[White "Caruana, Fabiano"]
[Black "Saric, Ivan"]
[Result "1-0"]
[WhiteTitle "GM"]
[BlackTitle "GM"]
[WhiteElo "2784"]
[BlackElo "2661"]
[WhiteFideId "2020009"]
[BlackFideId "14508150"]
[EventDate "2025.07.05"]

1. d4 Nf6 2. c4 g6 3. Nc3 Bg7 4. e4 d6 5. h3 e5 6. d5 a5 7. Bg5 Na6 8. Bd3 Bd7
9. Nge2 O-O 10. O-O h6 11. Be3 Nh7 12. Qd2 Qh4 13. f4 exf4 14. Rxf4 Qe7 15. Raf1
Nc5 16. Bc2 Rae8 17. Bd4 Ng5 18. h4 Nh7 19. Bxg7 Kxg7 20. b3 h5 21. Nd4 Bg4 22.
Ncb5 Qxh4 23. Nxc7 Re5 24. Ncb5 Qe7 25. Qxa5 Ng5 26. Qc7 Qxc7 27. Nxc7 Ncxe4 28.
Kh2 Nc5 29. b4 Nd7 30. Ncb5 Ra8 31. a4 Ra6 32. a5 f5 33. Nc7 Ra7 34. Ndb5 Re2
35. R4f2 Rxf2 36. Rxf2 Ra6 37. Nxa6 1-0

[Event "GCT 2024 Croazia - Blitz"]
[Site "Zagabria"]
[Date "06.07.2025"]
[Round "14B"]
[White "Giri, Anish"]
[Black "Caruana, Fabiano"]
[Result "1-0"]
[WhiteTitle "GM"]
[BlackTitle "GM"]
[WhiteElo "2748"]
[BlackElo "2784"]
[WhiteFideId "24116068"]
[BlackFideId "2020009"]
[EventDate "2025.07.05"]

1. Nf3 Nf6 2. c4 e6 3. g3 d5 4. Bg2 Be7 5. O-O O-O 6. b3 a5 7. d4 c6 8. Qc2 a4
9. Ba3 Nbd7 10. Bxe7 Qxe7 11. Nc3 a3 12. Rfe1 b5 13. cxb5 cxb5 14. Nxb5 Ba6 15.
Nc3 Rac8 16. Qd2 Ne4 17. Nxe4 dxe4 18. Ne5 Nxe5 19. dxe5 Qc5 20. Bxe4 Qxe5 21.
Bf3 g6 22. Qb4 Rc2 23. Qxa3 Bxe2 24. Bxe2 Rxe2 25. Qc1 Rd8 26. Rxe2 Qxe2 27. a4
h5 28. h4 Qf3 29. b4 Qe4 30. Qf4 Qb7 31. a5 Qa6 32. Rc1 Qb7 33. Kh2 Qb5 34. Rc7
Rf8 35. Qd4 e5 36. Qc5 Qe2 37. b5 Kg7 38. b6 Rd8 39. Qe3 Qb5 40. Rc5 Qb1 41.
Qxe5+ Kg8 42. Rd5 Rc8 43. Qd4 Kh7 44. Rd8 Rxd8 45. Qxd8 Qf5 46. Qd2 Qb5 47. Qa2
Qa6 48. Qxf7+ 1-0

[Event "GCT 2024 Croazia - Blitz"]
[Site "Zagabria"]
[Date "06.07.2025"]
[Round "14B"]
[White "Carlsen, Magnus"]
[Black "So, Wesley"]
[Result "1/2-1/2"]
[WhiteTitle "GM"]
[BlackTitle "GM"]
[WhiteElo "2839"]
[BlackElo "2745"]
[WhiteFideId "1503014"]
[BlackFideId "5202213"]
[EventDate "2025.07.05"]

1. c4 Nf6 2. Nc3 e5 3. Nf3 Nc6 4. e3 Bb4 5. Qc2 Bxc3 6. Qxc3 Qe7 7. a3 d5 8. d4
exd4 9. Nxd4 Nxd4 10. Qxd4 c5 11. Qh4 dxc4 12. Bxc4 g5 13. Bb5+ Bd7 14. Bxd7+
Nxd7 15. Qa4 f5 16. O-O Qe4 17. b4 Qc6 18. Qxc6 bxc6 19. e4 f4 20. Bb2 Rg8 21.
Rfd1 Ke7 22. Rac1 Rgd8 23. h4 gxh4 24. bxc5 Rg8 25. Kh2 Rg6 26. f3 Rag8 27. Rd2
Rg3 28. Rcd1 Nxc5 29. Be5 Ne6 30. Rb2 h3 31. Rb7+ Ke8 32. Rb8+ Ke7 33. Rxg8 Rxg8
34. Kxh3 Rg5 35. Bd6+ Kf6 36. Kh2 Rh5+ 37. Kg1 Ra5 38. Rc1 c5 39. Rc4 Kf7 40.
Rc3 Ke8 41. Rd3 Rb5 42. Kh2 c4 43. Rc3 Rb6 44. Be5 Rb5 45. Bd6 Rb6 46. e5 Rc6
47. Kh3 Nd4 48. Kg4 Ne2 49. Rc2 Nd4 50. Rc3 Nb5 51. Rc1 c3 52. Kxf4 Nd4 53. Ke4
Nb3 54. Rc2 Na1 55. Rc1 Nb3 56. Rc2 Na1 57. Rc1 Nb3 58. Rc2 1/2-1/2

[Event "GCT 2024 Croazia - Blitz"]
[Site "Zagabria"]
[Date "06.07.2025"]
[Round "14B"]
[White "Saric, Ivan"]
[Black "Gukesh, Dommaraju"]
[Result "0-1"]
[WhiteTitle "GM"]
[BlackTitle "GM"]
[WhiteElo "2661"]
[BlackElo "2776"]
[WhiteFideId "14508150"]
[BlackFideId "46616543"]
[EventDate "2025.07.05"]

1. e4 c6 2. d4 d5 3. e5 Bf5 4. Nf3 e6 5. Be2 Nd7 6. O-O Ne7 7. c3 h6 8. Na3 c5
9. Nb5 Nc6 10. Bf4 a6 11. Nd6+ Bxd6 12. exd6 O-O 13. Ne5 Ndxe5 14. dxe5 f6 15.
exf6 Qxf6 16. Bg3 Rad8 17. Qb3 Rd7 18. Qb6 c4 19. Rad1 Ne5 20. b3 Rc8 21. Rfe1
cxb3 22. axb3 Rxc3 23. Bxa6 Rxg3 24. hxg3 bxa6 25. Rc1 Nf7 26. Qb8+ Kh7 27. Rc7
Rd8 28. Qb6 Rxd6 29. Qa7 Bg6 30. Re3 Ng5 31. Rec3 d4 32. Rc1 d3 33. f4 d2 0-1

[Event "GCT 2024 Croazia - Blitz"]
[Site "Zagabria"]
[Date "06.07.2025"]
[Round "14B"]
[White "Duda, Jan-Krzysztof"]
[Black "Abdusattorov, Nodirbek"]
[Result "1/2-1/2"]
[WhiteTitle "GM"]
[BlackTitle "GM"]
[WhiteElo "2725"]
[BlackElo "2771"]
[WhiteFideId "1170546"]
[BlackFideId "14204118"]
[EventDate "2025.07.05"]

1. e4 e5 2. Nf3 Nc6 3. Bb5 a6 4. Ba4 Nf6 5. O-O Bc5 6. c3 O-O 7. d4 Ba7 8. dxe5
Nxe4 9. Qd5 Nc5 10. Bc2 d6 11. exd6 Qxd6 12. Qxd6 cxd6 13. Be3 Bg4 14. Nbd2 d5
15. h3 Bh5 16. Rfd1 Ne6 17. Bxa7 Rxa7 18. Re1 d4 19. cxd4 Nexd4 20. Be4 Bg6 21.
Rac1 Bxe4 22. Rxe4 Ne6 23. Nc4 Rd8 24. Nce5 Nxe5 25. Rxe5 g6 26. g3 b5 27. Kg2
Rad7 28. Re2 a5 29. h4 a4 30. Re4 Rd5 31. Rb4 Rf5 32. Rc3 h5 33. a3 Rd1 34. b3
axb3 35. Rbxb3 Ra1 36. Rb2 Kg7 37. Rcb3 Rd5 38. Rxb5 Rxb5 39. Rxb5 Rxa3 40. Rd5
Rc3 41. Ng5 Nxg5 42. hxg5 Rb3 43. Re5 Rc3 44. Rd5 Rb3 45. Re5 Rc3 46. Rd5 1/2-1/2

[Event "GCT 2024 Croazia - Blitz"]
[Site "Zagabria"]
[Date "06.07.2025"]
[Round "14B"]
[White "Praggnanandhaa, Rameshbabu"]
[Black "Firouzja, Alireza"]
[Result "0-1"]
[WhiteTitle "GM"]
[BlackTitle "GM"]
[WhiteElo "2779"]
[BlackElo "2766"]
[WhiteFideId "25059530"]
[BlackFideId "12573981"]
[EventDate "2025.07.05"]

1. b3 d5 2. Bb2 Bf5 3. d3 Nf6 4. Nd2 h6 5. g3 e6 6. Bg2 Bh7 7. e4 a5 8. a3 Be7
9. Nh3 O-O 10. O-O Nc6 11. e5 Nd7 12. f4 Bc5+ 13. Nf2 Bd4 14. Bxd4 Nxd4 15. Kh1
b5 16. c3 Nf5 17. Re1 d4 18. Bxa8 Qxa8+ 19. Nde4 dxc3 20. Qc2 c5 21. Qxc3 Rc8
22. Rac1 Nb6 23. Qb2 Nd4 24. b4 Na4 25. Qb1 axb4 26. axb4 c4 27. dxc4 bxc4 28.
b5 Qd5 29. Qb4 Nb6 30. Qd6 Nb3 31. Rcd1 Qxb5 32. Qd8+ Qe8 33. Qxb6 Bg6 34. Re3
Rb8 35. Qc7 Ra8 36. Qxc4 Na5 37. Qc7 Kh7 38. Ra1 Nc6 39. Rxa8 Qxa8 40. Kg2 Nb4
41. Qc4 Nd5 42. Rb3 Qa7 43. Qc5 Qa8 44. Rb2 Qa1 45. Rd2 Qe1 46. h3 Bxe4+ 47.
Nxe4 Qxe4+ 48. Kf2 g6 49. Qd4 Qf5 50. Kg2 Qb1 51. Rb2 Qe1 52. Qf2 Qe4+ 53. Kh2
Kg7 54. Re2 Qc4 55. Rc2 Qe4 56. Ra2 h5 57. h4 Ne3 58. Qe2 Ng4+ 59. Kg1 Qd4+ 60.
Kf1 Qd5 61. Ke1 Nh6 62. Ra3 Nf5 63. Rd3 Qh1+ 64. Kd2 Qg1 65. Qe1 Qg2+ 66. Kc3
Qc6+ 67. Kb2 Qb5+ 68. Rb3 Qd5 69. Qc3 Nd4 70. Rb8 Qg2+ 71. Ka3 Qd5 72. Qc8 Qa5+
73. Kb2 Qd2+ 74. Kb1 Qd1+ 75. Qc1 Qd3+ 76. Kb2 Qe2+ 77. Kc3 Nc6 78. Rc8 Qa6 79.
Re8 Qb5 80. Qa3 Nb4 81. Ra8 Nd5+ 82. Kd2 Nb4 83. Kc3 Nd5+ 84. Kd2 Nb4 85. Ra7
Qd5+ 86. Kc3 Nc6 87. Ra8 Qd4+ 88. Kc2 Qc4+ 89. Qc3 Qe4+ 90. Kb2 Ne7 91. Rb8 Nd5
92. Qc5 Qe2+ 93. Ka3 Qd3+ 94. Kb2 Qe2+ 95. Qc2 Qe3 96. Rb3 Qd4+ 97. Kb1 Qg1+ 98.
Qc1 Qd4 99. Ka2 Nb4+ 100. Kb1 Qe4+ 101. Ka1 Qa8+ 102. Kb2 Qa2+ 103. Kc3 Nd5+
104. Kc4 Qa4+ 105. Kc5 Qxb3 106. f5 Qb6+ 0-1

[Event "GCT 2024 Croazia - Blitz"]
[Site "Zagabria"]
[Date "06.07.2025"]
[Round "15B"]
[White "So, Wesley"]
[Black "Saric, Ivan"]
[Result "1-0"]
[WhiteTitle "GM"]
[BlackTitle "GM"]
[WhiteElo "2745"]
[BlackElo "2661"]
[WhiteFideId "5202213"]
[BlackFideId "14508150"]
[EventDate "2025.07.05"]

1. d4 Nf6 2. c4 g6 3. Nc3 Bg7 4. e4 d6 5. Nf3 O-O 6. Be2 e5 7. O-O h6 8. Rb1
Nbd7 9. Re1 exd4 10. Nxd4 Re8 11. Bf1 c6 12. Nc2 Nc5 13. f3 Nh5 14. Be3 f5 15.
exf5 Bxf5 16. Qd2 Bxc2 17. Qxc2 Qf6 18. Rbd1 g5 19. Bd2 Qd4+ 20. Kh1 Qh4 21. Qg6
Rxe1 22. Bxe1 Nf4 23. Qxd6 1-0